|
|
|
|
| LEADER |
00000nam0a2200000 4500 |
| 001 |
378330 |
| 005 |
20231102013008.0 |
| 010 |
|
|
|a 5050023971
|
| 035 |
|
|
|a (RuTPU)RU\TPU\retro\35786
|
| 035 |
|
|
|a RU\TPU\book\93215
|
| 090 |
|
|
|a 378330
|
| 100 |
|
|
|a 20230524d1990 m y0rusy50 ca
|
| 101 |
1 |
|
|a rus
|c eng
|
| 102 |
|
|
|a RU
|
| 105 |
|
|
|a y z 000ay
|
| 200 |
1 |
|
|a Две твердыни
|a Летопись вторая из эпопеи "Властелин колец"
|e пер. с англ.
|f Дж. Р. Р. Толкин (Толкиен, Толкьен)
|
| 210 |
|
|
|a Москва
|c Радуга
|d 1990
|
| 215 |
|
|
|a 416 с.
|
| 606 |
1 |
|
|a Английская литература
|2 stltpush
|3 (RuTPU)RU\TPU\subj\29042
|9 52454
|
| 610 |
1 |
|
|a повести
|
| 610 |
1 |
|
|a фэнтези
|
| 610 |
1 |
|
|a приключения
|
| 610 |
1 |
|
|a трилогии
|
| 675 |
|
|
|a 82
|v 3
|
| 700 |
|
1 |
|a Толкин (Толкиен, Толкьен)
|b Дж. Р. Р.
|c английский писатель
|c филолог
|c лингвист
|f 1892-1973
|g Джон Роналд Рейел
|2 stltpush
|3 (RuTPU)RU\TPU\pers\5419
|9 1055
|
| 801 |
|
0 |
|a RU
|b 63413507
|c 20011209
|g PSBO
|
| 801 |
|
2 |
|a RU
|b 63413507
|c 20230615
|g PSBO
|
| 942 |
|
|
|c BK
|